000 01113nam a2200337 a 4500
999 _c3162
_d3162
003 AKMAL
005 20170519155650.0
008 170519s2002 nyu e 001 0 eng d
020 _a006091209X (pbk.)
020 _a0060516070 (pbk.)
040 _aPNM
082 0 4 _a658.4 DRU
_222
090 2 0 _a658.4
_bDRU
100 1 _aDrucker, Peter F.
_q(Peter Ferdinand),
_d1909-2005
_96364
245 1 0 _aThe effective executive /
_cPeter F. Drucker
246 3 _aThe definitive guide to getting the right thing done
250 _a4th ed
260 _aNew York :
_bCollins,
_c2002
300 _axxiii, 178p. ;
_c21cm.
500 _aIncludes index
650 1 0 _aIndustrial management
_zUnited States
_95970
650 2 0 _aDecision making
_96395
942 _2ddc
_cBOOK